[Event "Centralserbian-chT 2020"]
[Site "Bajina basta"]
[Date "2020.10.15"]
[Round "8.13"]
[White "Budisavljevic, Luka"]
[Black "Kojovic, Dragan"]
[Result "1/2-1/2"]
[WhiteElo "2454"]
[BlackElo "2307"]
[Annotator "TA"]
[PlyCount "96"]
[EventDate "2020.10.10"]
[EventType "team-tourn"]
[EventCountry "SRB"]
[SourceTitle "playchess.com"]
[Source "ChessBase"]
[SourceQuality "1"]

{[%evp 17,96,18,30,19,15,16,31,36,43,47,40,14,18,0,0,0,0,0,0,0,0,-35,-30,-32,-27,-85,-104,-100,0,-9,38,-48,26,30,28,18,31,34,27,25,92,82,154,171,157,56,557,14,18,12,241,0,83,93,375,373,471,531,534,515,682,54,456,41,45,69,102,54,52,0,0,0,0,0,0,0,0,0,0,0,0]} 1. d4 Nf6 2. c4 e6 3. Nc3 d5 4. cxd5 exd5 5. Bg5 c6 6. e3 Be7 7. Bd3 h6 8. Bh4 Nbd7 9. Qc2 Nh5 {is now debated instead of 9...0-0.} 10. Bxe7 {D36: Queen's Gambit Declined: Exchange Variation: Main line (5 Bg5 c6 6 Qc2).} Qxe7 11. Nge2 Ndf6 12. O-O-O {White is slightly better.} g6 {[#]} 13. Kb1 $146 ({Predecessor:} 13. h3 Ng7 14. Kb1 Bf5 15. Ng3 Bxd3 16. Qxd3 O-O-O 17. Qc2 Ne6 18. Nge2 Ng5 19. Nc1 {0-1 (51) Koellner,C (2099)-Henrich,T (2216) Heusenstamm 2017}) 13... Ng7 14. Ng3 Be6 15. Rc1 O-O-O 16. Na4 Kb8 17. Nc5 Bc8 18. Qa4 Ne6 19. Nb3 h5 20. h4 Ng4 21. Rc2 (21. Rcf1 $11) 21... f5 $1 $17 22. Rhc1 Rde8 (22... f4 $17 23. exf4 Nxf4) 23. Na5 $11 {With the idea Rxc6!} Nd8 24. b4 {[#]} (24. Nf1 $1 $14) 24... Nxf2 ({Don't play} 24... Qxh4 25. b5 $16) (24... Nxe3 $1 $15 {[%mdl 512]} 25. fxe3 Qxe3 {[%mdl 64] Double Attack}) 25. Rxf2 {aiming for b5.} Qxe3 26. Rf3 Qxd4 27. Ne2 Qxh4 28. Qb3 a6 (28... Qe7 $11) 29. Qc3 $1 $16 Rh7 (29... Ne6 $142) 30. Nd4 Rc7 {[#]} 31. Qc5 ({White should play} 31. b5 $1 $16 {[%mdl 512]}) 31... Ne6 $2 {[%mdl 8192] [#]} (31... Re1 $14) 32. Nxe6 $2 ({White should try} 32. Naxc6+ $1 $18 {[%mdl 512]} bxc6 33. Qb6+ {[%mdl 64] Double Attack} Bb7 34. Nxc6+ Rxc6 35. Rxc6) 32... Rxe6 $11 33. Nb3 Qg5 $2 (33... Re1 $11) 34. Bf1 $2 (34. Nd4 $1 $18) 34... Re4 {[#]} (34... Qe7 $11 {remains equal.}) 35. Qb6 $1 $16 Qg4 $2 {[%mdl 8192]} (35... Qh4 $16) 36. a3 $18 {Hoping for Nc5!} Rce7 37. Na5 {White wants to mate with Nxc6+.} Ka8 {[#]} 38. Bxa6 $1 {[%mdl 512]} Re1 (38... bxa6 39. Nxc6) 39. Rfc3 $2 ({Not} 39. Nxc6 Rxc1+ 40. Kxc1 bxc6 $11) (39. Rxe1 $18 Rxe1+ 40. Ka2) 39... bxa6 $2 {[%mdl 8192]} (39... Qe4+ $14 40. Kb2 Rxc1 41. Rxc1 Qe5+ 42. Rc3 bxa6) 40. Qxc6+ $2 ({White must play} 40. Nxc6 $18 {[%csl Gc6][%cal Rb6b8]} Rxc1+ 41. Rxc1) 40... Bb7 $1 $14 41. Nxb7 $40 {[%mdl 128] White has some attack.} Rxc1+ $1 42. Rxc1 {Threatening mate with Nc5+.} Qe4+ 43. Kb2 (43. Rc2 $14 Rxb7 44. Qxa6+ Kb8 45. Qxg6) 43... Qd4+ $11 {The position is equal.} 44. Kb3 {Nc5+ would kill now.} Qd3+ 45. Rc3 {White threatens Nc5+! and mate.} Qd1+ 46. Rc2 Qd3+ 47. Rc3 Qd1+ 48. Rc2 {Intending Nd6+ and mate.} Qd3+ {Blacks defense is rewarded with a draw. Av CentiPawn Loss W=-56/B=-55. Weighted=-45/-80} 1/2-1/2

[Event "Centralserbian-chT 2020"]
[Site "Bajina basta"]
[Date "2020.10.15"]
[Round "8.14"]
[White "Ostojic, Nikola"]
[Black "Maksimovic, Bojan"]
[Result "1/2-1/2"]
[WhiteElo "2406"]
[BlackElo "2398"]
[Annotator "TA"]
[PlyCount "39"]
[EventDate "2020.10.10"]
[EventType "team-tourn"]
[EventCountry "SRB"]
[SourceTitle "playchess.com"]
[Source "ChessBase"]
[SourceQuality "1"]

{[%evp 20,39,19,5,6,4,32,34,47,13,23,27,23,16,56,42,57,48,59,27,34,18]} 1. Nf3 Nf6 2. c4 g6 3. b3 Bg7 4. Bb2 O-O 5. e3 c5 6. Be2 Nc6 7. O-O d6 8. d4 cxd4 9. Nxd4 Nxd4 10. Qxd4 Bd7 11. Nc3 Bc6 {E60: King's Indian: Unusual lines and Fianchetto Variation without Nc3.} 12. Qd2 {[#]} Nd7 $146 ({Predecessor:} 12... Qd7 13. Rfd1 a6 14. Rac1 b5 15. Nd5 Bxd5 16. Bxf6 Bxf6 17. Qxd5 Qa7 18. cxb5 axb5 19. Qxb5 Qxa2 {½-½ (54) Klaric,Z (2445)-Andruet,G (2360) Montpellier 1989}) 13. b4 {Strongly threatening b5.} b6 14. a3 Rc8 15. Rac1 Nf6 16. Rfd1 Ba8 17. f3 Qd7 18. e4 Rfd8 19. Nd5 Nxd5 20. exd5 {White took control after the opening. Av CentiPawn Loss W=-12/B=-13. Weighted=-10/-12} 1/2-1/2

[Event "Centralserbian-chT 2020"]
[Site "Bajina basta"]
[Date "2020.10.15"]
[Round "8.15"]
[White "Jovanovic, Dusan D"]
[Black "Solomunovic, Igor"]
[Result "1-0"]
[WhiteElo "2412"]
[BlackElo "2355"]
[Annotator "TA"]
[PlyCount "61"]
[EventDate "2020.10.10"]
[EventType "team-tourn"]
[EventCountry "SRB"]
[SourceTitle "playchess.com"]
[Source "ChessBase"]
[SourceQuality "1"]

{[%evp 12,61,43,21,56,36,43,44,84,95,85,72,72,71,80,43,98,112,147,151,175,143,123,127,208,228,197,190,249,247,238,220,290,284,308,305,318,312,312,315,301,267,549,575,535,529,1768,1464,475,1471,1255,1200]} 1. Nf3 Nf6 2. c4 g6 3. Nc3 Bg7 4. e4 d6 5. d4 O-O 6. h3 Na6 7. Be3 Qe8 {E90: King's Indian: Classical: Early deviations and 6 h3.} 8. c5 dxc5 9. dxc5 {[#]} Nd7 $146 {White is slightly better.} ({Predecessor:} 9... b6 10. e5 Nd7 11. Bb5 bxc5 12. Qe2 Nab8 13. e6 fxe6 14. Ng5 c6 15. Bc4 Ne5 16. Bxe6+ {½-½ (33) Tikkanen,H (2570)-Markus,R (2599) Istanbul 2012}) 10. Bxa6 bxa6 11. Qc2 Rb8 12. O-O $36 {[%mdl 2048] Keeping Black busy.} Bb7 13. Rac1 f5 ({Better is} 13... e6 $14) 14. Nd5 $16 {[#] Threatens to win with c6.} Bxd5 15. exd5 e5 16. dxe6 Qxe6 17. b3 h6 (17... Ne5 $16 {was necessary.}) 18. Rfe1 Qf7 19. Bf4 Rb5 (19... Rbc8 $142 20. c6 Nb6) 20. c6 $18 Nb6 21. Rcd1 g5 22. Be5 Rd5 23. Rxd5 Nxd5 24. Bxg7 Kxg7 25. Qc5 {aiming for Nd4.} Rd8 26. Nd4 {Strongly threatening Ne6+.} ({Don't do} 26. Qxa7 $6 Rd6 $16) 26... Rd6 $2 (26... Kh8 {keeps fighting.} 27. Re6 Qf8 28. Qxf8+ (28. Qxa7 Kg8 $16) 28... Rxf8) 27. Re5 {White is clearly winning.} Kg6 28. Nxf5 Rd8 {[#]} 29. Rxd5 $1 {[%mdl 576] Remove Defender, Decoy} Rxd5 30. Ne7+ (30. Qxd5 $142 Qxf5 31. Qg8+ Kf6 32. Qd8+ {[%mdl 64] Double Attack} Ke6 33. Qxc7) 30... Kh7 31. Nxd5 {Av CentiPawn Loss W=22/B=-16. Weighted=7/-28} 1-0

[Event "Centralserbian-chT 2020"]
[Site "Bajina basta"]
[Date "2020.10.15"]
[Round "8.18"]
[White "Mijatovic, Dusan"]
[Black "Maksimovic, Boban"]
[Result "1/2-1/2"]
[WhiteElo "2177"]
[BlackElo "2216"]
[Annotator "TA"]
[PlyCount "53"]
[EventDate "2020.10.10"]
[EventType "team-tourn"]
[EventCountry "SRB"]
[SourceTitle "playchess.com"]
[Source "ChessBase"]
[SourceQuality "1"]

{[%evp 18,53,3,0,25,16,16,-6,29,7,27,0,33,5,5,-23,6,4,25,-7,-8,-17,-16,-11,17,18,47,-21,0,-56,-54,-53,-12,-24,-26,-24,76,0]} 1. e4 e6 2. d3 c5 3. Nf3 Nc6 4. g3 g6 5. Bg2 Bg7 6. O-O Nge7 7. Re1 d6 8. c3 e5 9. a3 O-O 10. b4 b6 {A04: Unusual lines after 1 Nf3 and King's Indian Attack.} 11. Nbd2 a6 {[#]} 12. Nb3 $146 ({Predecessor:} 12. Rb1 h6 13. a4 f5 14. b5 Na5 15. Nb3 axb5 16. Nxa5 Rxa5 17. Qb3+ Kh7 18. axb5 {1-0 (83) Solomons,D (2120)-Vermaak,A Durban 2017}) 12... Bb7 {The position is equal.} 13. Bb2 Rc8 14. Qe2 Re8 15. Bh3 Rc7 16. Rf1 cxb4 17. axb4 d5 18. Rad1 d4 19. cxd4 exd4 20. Qd2 Qd6 21. Rc1 Bc8 22. Bg2 (22. Bxc8 $1 $14 Rcxc8 23. Rc4) 22... Be6 23. e5 (23. Na1 $11) 23... Nxe5 $15 24. Rxc7 {[#] Strongly threatening Nxe5.} Qxc7 25. Nbxd4 Bd5 26. Re1 {Hoping for Rxe5!} N7c6 {[#]} (26... Nxf3+ $11 27. Nxf3 Bxb2 28. Qxb2 Qd6) 27. Nxe5 {Av CentiPawn Loss W=-22/B=-22. Weighted=-26/-20} (27. Nxc6 $1 $16 Nxf3+ 28. Bxf3 Rxe1+ 29. Qxe1 Qxc6 30. Bxd5 Qxd5 31. Bxg7 Kxg7 32. Qa1+ Kh6 33. Qxa6) 1/2-1/2

[Event "Centralserbian-chT 2020"]
[Site "Bajina basta"]
[Date "2020.10.15"]
[Round "9.1"]
[White "Kojovic, Dragan"]
[Black "Ivic, Velimir"]
[Result "*"]
[WhiteElo "2307"]
[BlackElo "2548"]
[Annotator "TA"]
[PlyCount "38"]
[EventDate "2020.10.10"]
[EventType "team-tourn"]
[EventCountry "SRB"]
[SourceTitle "playchess.com"]
[Source "ChessBase"]
[SourceQuality "1"]

{[%evp 16,25,-18,-18,-17,-20,-12,-32,0,0,0,0]} 1. d4 Nf6 2. c4 g6 3. Nc3 d5 4. Nf3 Bg7 5. e3 O-O 6. Qb3 e6 7. Bd2 b6 8. cxd5 exd5 9. Be2 Bb7 {D95: Grünfeld: 4 Nf3 Bg7 5 e3 0-0 6 Qb3.} 10. O-O Nbd7 11. Rfd1 c5 12. dxc5 Nxc5 13. Qa3 {[#] A rather calm draw.} {Predecessor:} Qb8 $146 14. Be1 Rd8 15. Rac1 Nfe4 16. b4 Ne6 17. Nb5 a6 18. Nbd4 Qd6 19. Qb3 Rac8 {½-½ (29) Miron,L (2484)-Kulaots,K (2574) Iasi 2015} *

[Event "Centralserbian-chT 2020"]
[Site "Bajina basta"]
[Date "2020.10.15"]
[Round "9.2"]
[White "Perunovic, Miodrag"]
[Black "Ostojic, Nikola"]
[Result "*"]
[WhiteElo "2440"]
[BlackElo "2406"]
[Annotator "TA"]
[PlyCount "34"]
[EventDate "2020.10.10"]
[EventType "team-tourn"]
[EventCountry "SRB"]
[SourceTitle "playchess.com"]
[Source "ChessBase"]
[SourceQuality "1"]

{[%evp 12,21,20,4,13,14,13,13,13,15,0,0]} 1. d4 Nf6 2. Nf3 e6 3. c4 Bb4+ 4. Bd2 a5 5. g3 O-O 6. Bg2 d5 7. O-O {The position is equal. 7.Qc2 is the modern continuation. Played by Quang Liem Le in August 2020.} Be7 {E11: Bogo-Indian.} 8. Qc2 c6 9. Rd1 Nbd7 10. Bg5 b6 11. Nbd2 {[#] An uneventful encounter.} {Predecessor:} h6 $146 12. Bxf6 Nxf6 13. Ne5 Bb7 14. cxd5 cxd5 15. Nc6 Bxc6 16. Qxc6 Rc8 17. Qb5 Qc7 {0-1 (67) Ilincic,Z (2467)-Lenic,L (2641) Hungary 2012} *

[Event "Centralserbian-chT 2020"]
[Site "Bajina basta"]
[Date "2020.10.15"]
[Round "9.3"]
[White "Solomunovic, Igor"]
[Black "Pavlovic, Dejan S"]
[Result "*"]
[WhiteElo "2355"]
[BlackElo "2390"]
[Annotator "TA"]
[PlyCount "44"]
[EventDate "2020.10.10"]
[EventType "team-tourn"]
[EventCountry "SRB"]
[SourceTitle "playchess.com"]
[Source "ChessBase"]
[SourceQuality "1"]

{[%evp 25,30,0,0,0,-10,-10,-7]} 1. d4 d5 2. Nf3 Nf6 3. c4 c6 4. Nc3 e6 5. e3 Nbd7 6. Qc2 Bd6 7. b3 O-O 8. Bb2 b6 9. Be2 Bb7 10. O-O Qe7 11. e4 Nxe4 12. Nxe4 dxe4 13. Qxe4 f5 {The position is equal.} 14. Qe3 {D45: Semi-Slav: 5 e3.} c5 15. Rad1 Rad8 {[#] An uneventful encounter.} {Predecessor:} 16. Qg5 $146 Nf6 17. dxc5 bxc5 18. Ne5 Qc7 19. Qe3 f4 20. Qh3 Bc8 21. Ng4 e5 22. Nxf6+ Rxf6 {½-½ (98) Piesik,P (2420)-Hovhannisyan,R (2634) Skopje 2019} *

[Event "Centralserbian-chT 2020"]
[Site "Bajina basta"]
[Date "2020.10.15"]
[Round "9.4"]
[White "Radovanovic, Dusan"]
[Black "Rabrenovic, Vladan"]
[Result "*"]
[WhiteElo "2326"]
[BlackElo "2302"]
[Annotator "TA"]
[PlyCount "19"]
[EventDate "2020.10.10"]
[EventType "team-tourn"]
[EventCountry "SRB"]
[SourceTitle "playchess.com"]
[Source "ChessBase"]
[SourceQuality "1"]

{[%evp 12,19,-9,0,6,-60,-48,-48,-41,-50]} 1. e4 e5 2. Nf3 Nc6 3. Bc4 Bc5 4. b4 Bxb4 5. c3 Be7 6. d4 Na5 7. Bd3 d6 {C51: Evans Gambit: Declined and Accepted without 5...Ba5.} 8. Qa4+ (8. dxe5 $11 dxe5 9. Nxe5) 8... c6 $15 {[#]} 9. Nbd2 $146 ({Predecessor:} 9. O-O Qc7 10. dxe5 dxe5 11. c4 Bg4 12. Bd2 b6 13. Bxa5 bxa5 14. Nxe5 Bf6 15. Nxg4 Bxa1 {½-½ (27) Hansen,F (2121)-Dudink,B (1951) Korbach 2017}) 9... Qc7 10. O-O {White got outplayed after the opening} *

[Event "Centralserbian-chT 2020"]
[Site "Bajina basta"]
[Date "2020.10.15"]
[Round "9.5"]
[White "Colovic, Dusan"]
[Black "Radivojevic, Ivan"]
[Result "*"]
[WhiteElo "2255"]
[BlackElo "2365"]
[Annotator "TA"]
[PlyCount "29"]
[EventDate "2020.10.10"]
[EventType "team-tourn"]
[EventCountry "SRB"]
[SourceTitle "playchess.com"]
[Source "ChessBase"]
[SourceQuality "1"]

{[%evp 9,15,-29,38,44,47,33,32,42]} 1. d4 Nf6 2. Nc3 d5 3. Bf4 e6 4. e3 Bb4 5. Nge2 Ne4 ({Black should try} 5... O-O $11) 6. a3 $14 {White is slightly better. D00: 1 d4 d5: Unusual lines.} Nxc3 7. Nxc3 Bxc3+ 8. bxc3 {[#]} {Predecessor:} c5 $146 9. Bd3 c4 10. Be2 Nc6 11. Bf3 O-O 12. O-O Qa5 13. Qe1 Re8 14. e4 dxe4 15. Bxe4 {0-1 (36) Costa Trave,J (1957)-Hernando Rodrigo,J (2379) Barcelona 2013} *

[Event "Centralserbian-chT 2020"]
[Site "Bajina basta"]
[Date "2020.10.15"]
[Round "9.6"]
[White "Marcetic, Nikola"]
[Black "Mijatovic, Dusan"]
[Result "*"]
[WhiteElo "2329"]
[BlackElo "2177"]
[Annotator "TA"]
[PlyCount "28"]
[EventDate "2020.10.10"]
[EventType "team-tourn"]
[EventCountry "SRB"]
[SourceTitle "playchess.com"]
[Source "ChessBase"]
[SourceQuality "1"]

{[%evp 13,28,-5,2,0,3,-25,-23,-36,22,0,86,86,94,78,144,149,119]} 1. d4 Nf6 2. Bg5 d5 3. Bxf6 exf6 4. e3 Bd6 5. c4 dxc4 6. Bxc4 c6 7. Nc3 O-O 8. Bd3 {[#] D00: 1 d4 d5: Unusual lines.} f5 $146 ({Predecessor:} 8... Re8 9. Qf3 Qb6 10. Qe2 c5 11. d5 Nd7 12. Qc2 g6 13. Nf3 f5 14. O-O Nf6 15. Rac1 Bd7 {½-½ (58) Bencze,L (2251)-Emodi,B (2366) Hungary 2010}) 9. Qf3 g6 10. h3 {Black has an edge.} Qe7 (10... Nd7 $15) 11. Nge2 Be6 (11... h5 $11 {remains equal.}) 12. g4 $16 fxg4 13. hxg4 f5 (13... Na6 $142) 14. gxf5 Bxf5 {Black got outplayed after the opening} *

[Event "Centralserbian-chT 2020"]
[Site "Bajina basta"]
[Date "2020.10.15"]
[Round "9.7"]
[White "Dudin, Gleb"]
[Black "Dimitrov, Radoslav"]
[Result "*"]
[WhiteElo "2386"]
[BlackElo "2507"]
[Annotator "TA"]
[PlyCount "22"]
[EventDate "2020.10.10"]
[EventType "team-tourn"]
[EventCountry "SRB"]
[SourceTitle "playchess.com"]
[Source "ChessBase"]
[SourceQuality "1"]

{[%evp 12,22,24,19,39,34,33,12,23,35,34,38,36]} 1. d4 Nf6 2. c4 d6 3. Nc3 e5 4. dxe5 dxe5 5. Qxd8+ Kxd8 6. Nf3 Nfd7 7. g4 c6 {A53: Old Indian Defence without Nf3.} 8. h4 f6 {[#]} 9. Bh3 $146 ({Predecessor:} 9. g5 Nc5 10. h5 Be6 11. b3 Nbd7 12. Nh4 Be7 13. Rg1 Rg8 14. e4 fxg5 15. Bxg5 {½-½ (32) Englmeier,H (2255)-Schmid,W (2220) Wuerttemberg 1999}) 9... Nb6 10. b3 h5 11. g5 Bg4 {Black did not feel at home in the position after the opening.} *

[Event "Centralserbian-chT 2020"]
[Site "Bajina basta"]
[Date "2020.10.15"]
[Round "9.8"]
[White "Markovic, Miroslav"]
[Black "Djordjevic, Vuk"]
[Result "*"]
[WhiteElo "2372"]
[BlackElo "2347"]
[Annotator "TA"]
[PlyCount "23"]
[EventDate "2020.10.10"]
[EventType "team-tourn"]
[EventCountry "SRB"]
[SourceTitle "playchess.com"]
[Source "ChessBase"]
[SourceQuality "1"]

{[%evp 10,23,0,-2,-17,-19,-15,-26,-24,-20,-11,-36,-34,-51,13,0]} 1. Nf3 Nf6 2. g3 e6 3. Bg2 d5 4. O-O Be7 5. d3 O-O 6. c3 c5 {A07: Réti Opening: New York and Capablanca Systems.} 7. Qc2 Nc6 8. e4 b5 {[#]} 9. Re1 $146 ({Predecessor:} 9. Bg5 a5 10. exd5 Nxd5 11. Bxe7 Qxe7 12. Rd1 Bb7 13. d4 cxd4 14. Nxd4 Nxd4 15. Rxd4 {1-0 (23) Biolek,R (2413)-Sikorova,O (2290) Czechia 2011}) 9... Re8 10. e5 Nd7 $1 11. h4 f6 (11... h6 $15) 12. exf6 {Black did not feel at home in the position after the opening.} *

[Event "Centralserbian-chT 2020"]
[Site "Bajina basta"]
[Date "2020.10.15"]
[Round "9.10"]
[White "Todorovic, Goran M"]
[Black "Topalov, Aleksandar"]
[Result "*"]
[WhiteElo "2404"]
[BlackElo "2228"]
[Annotator "TA"]
[PlyCount "27"]
[EventDate "2020.10.10"]
[EventType "team-tourn"]
[EventCountry "SRB"]
[SourceTitle "playchess.com"]
[Source "ChessBase"]
[SourceQuality "1"]

{[%evp 9,27,42,83,63,73,68,81,89,89,87,60,72,93,95,102,72,81,55,77,45]} 1. e4 e6 2. d4 d5 3. Nd2 Nf6 4. e5 Ng8 5. c3 Qd7 6. Ngf3 {C05: French Tarrasch: 3...Nf6 4 e5 Nfd7, 5 f4 and 5 Bd3 sidelines.} b6 7. a4 Ba6 8. Bxa6 Nxa6 {[#]} 9. Qe2 $146 ({Predecessor:} 9. O-O Ne7 10. Qe2 Nb8 11. b4 Nf5 12. Nb3 Be7 13. Ba3 Qxa4 14. Qd3 Qd7 15. Qe2 {1-0 (44) Vatunen,M-Haapamaki,M Tampere 1990}) 9... Nb8 10. a5 a6 11. axb6 cxb6 12. O-O Ne7 13. b4 Nec6 14. Nb3 *

[Event "Centralserbian-chT 2020"]
[Site "Bajina basta"]
[Date "2020.10.15"]
[Round "9.11"]
[White "Dimitrijevic, Nenad"]
[Black "Radovanovic, Jovica"]
[Result "*"]
[WhiteElo "2142"]
[BlackElo "2303"]
[Annotator "TA"]
[PlyCount "27"]
[EventDate "2020.10.10"]
[EventType "team-tourn"]
[EventCountry "SRB"]
[SourceTitle "playchess.com"]
[Source "ChessBase"]
[SourceQuality "1"]

{[%evp 11,27,6,22,-17,-2,-8,33,51,32,10,22,0,24,-16,60,35,59,39]} 1. d4 Nf6 2. Nf3 g6 3. c3 Bg7 4. Bg5 d6 5. Nbd2 O-O 6. e4 Nbd7 7. e5 {A48: 1 d4 Nf6 2 Nf3 g6: Torre, London and Colle Systems.} dxe5 8. dxe5 Ng4 9. e6 $1 {[%cal Re6d7]} fxe6 {[#]} 10. h3 $146 ({Predecessor:} 10. Be2 Nde5 11. O-O Nxf3+ 12. Nxf3 Qxd1 13. Rfxd1 Bf6 14. Bc1 Ne5 15. Nd4 Nf7 16. g3 {½-½ (16) Kagramanianz,V (2256)-Ogleznev,A (2280) Ilichevsk 2007}) 10... Nge5 11. Be2 Nf7 12. Be3 e5 (12... Nf6 $11) 13. Qb3 {[%mdl 1024] White has compensation.} Kh8 14. Ne4 *

[Event "Centralserbian-chT 2020"]
[Site "Bajina basta"]
[Date "2020.10.15"]
[Round "9.12"]
[White "Ilic, Dragan M"]
[Black "Vujcic, Milena"]
[Result "*"]
[WhiteElo "2291"]
[BlackElo "2059"]
[Annotator "TA"]
[PlyCount "28"]
[EventDate "2020.10.10"]
[EventType "team-tourn"]
[EventCountry "SRB"]
[SourceTitle "playchess.com"]
[Source "ChessBase"]
[SourceQuality "1"]

{[%evp 19,28,0,13,-11,-14,-8,14,14,9,21,21]} 1. d4 Nf6 2. c4 g6 3. Nc3 Bg7 4. e4 d6 5. f4 O-O 6. Nf3 c5 7. d5 e6 8. dxe6 fxe6 9. Bd3 Nc6 10. O-O Nd4 {The position is equal.} 11. Kh1 {E76: King's Indian: Four Pawns Attack: Lines specific to 6 Nf3 move-order.} Bd7 12. Bd2 {[#]} Nh5 $146 ({Predecessor:} 12... Bc6 13. Qe1 e5 14. fxe5 Ng4 15. Qg3 Nxe5 16. Nxd4 cxd4 17. Rxf8+ Qxf8 18. Rf1 Qe7 {½-½ (35) Muse,M (2446)-Zivkovic,V (2379) Sibenik 2010}) 13. Nxd4 cxd4 14. Nb5 Qh4 {A rather calm draw.} *

[Event "Centralserbian-chT 2020"]
[Site "Bajina basta"]
[Date "2020.10.15"]
[Round "9.13"]
[White "Delchev, Aleksander"]
[Black "Ristic, Nebojsa B"]
[Result "*"]
[WhiteElo "2548"]
[BlackElo "2312"]
[Annotator "TA"]
[PlyCount "33"]
[EventDate "2020.10.10"]
[EventType "team-tourn"]
[EventCountry "SRB"]
[SourceTitle "playchess.com"]
[Source "ChessBase"]
[SourceQuality "1"]

{[%evp 16,20,35,21,22,4,36]} 1. Nf3 Nf6 2. c4 g6 3. Nc3 Bg7 4. e4 d6 5. d4 O-O 6. h3 e5 7. d5 a5 8. g4 Na6 9. Be3 Nd7 {9...Nc5 gains popularity. Played by Alexander Grischuk in May 2020. E90: King's Indian: Classical: Early deviations and 6 h3.} 10. Rg1 Kh8 {[#] A rather calm draw. is the legacy move (10...Ndc5).} {Predecessor:} 11. a3 $146 Nb6 12. h4 Bd7 13. g5 f6 14. h5 gxh5 15. Nd2 fxg5 16. Qxh5 Qf6 17. O-O-O {½-½ (66) Melkumyan,H (2653)-Andersen,M (2479) Reykjavik 2016} *

[Event "Centralserbian-chT 2020"]
[Site "Bajina basta"]
[Date "2020.10.15"]
[Round "9.14"]
[White "Spasic, Petar"]
[Black "Radovanovic, Mihajlo"]
[Result "*"]
[WhiteElo "2251"]
[BlackElo "2457"]
[Annotator "RC"]
[PlyCount "25"]
[EventDate "2020.10.10"]
[EventType "team-tourn"]
[EventCountry "SRB"]
[SourceTitle "playchess.com"]
[Source "ChessBase"]
[SourceQuality "1"]

1. Nf3 g6 2. c4 Bg7 3. Nc3 d6 4. g3 e5 5. d4 Nd7 6. Bg2 Ngf6 7. O-O O-O 8. b3 Re8 9. dxe5 dxe5 10. Ba3 c6 11. Qc2 e4 12. Nd4 e3 13. f4 *

[Event "Centralserbian-chT 2020"]
[Site "Bajina basta"]
[Date "2020.10.15"]
[Round "9.15"]
[White "Radovic, Janko"]
[Black "Djordjevic, Miroslav"]
[Result "*"]
[WhiteElo "2433"]
[BlackElo "1885"]
[Annotator "TA"]
[PlyCount "27"]
[EventDate "2020.10.10"]
[EventType "team-tourn"]
[EventCountry "SRB"]
[SourceTitle "playchess.com"]
[Source "ChessBase"]
[SourceQuality "1"]

{[%evp 9,27,10,49,43,65,71,62,50,74,67,107,84,154,83,95,112,106,2,39,0]} 1. e4 c6 2. d4 d5 3. e5 Bf5 4. h4 h6 5. g4 Bg6 6. h5 {B12: Caro-Kann: Advance Variation.} Be4 7. f3 Bh7 8. e6 fxe6 9. Bd3 $1 Bxd3 10. Qxd3 Qd6 {[#]} ({Better is} 10... e5) 11. Qg6+ (11. f4 $142 $1) 11... Kd8 $16 {[#]} 12. f4 $1 e5 {[#]} 13. fxe5 $146 ({White should play} 13. dxe5 $16 Qxg6 14. hxg6) ({Predecessor:} 13. dxe5 Qxg6 14. hxg6 e6 15. Nf3 Ne7 16. f5 exf5 17. e6 Ke8 {½-½ (16) Gawronek,J (1974)-Krzempek,K (1629) Poland 2008}) 13... Qxg6 $11 14. hxg6 *

[Event "Centralserbian-chT 2020"]
[Site "Bajina basta"]
[Date "2020.10.16"]
[Round "9.16"]
[White "Milic, Slobodan"]
[Black "Radovic, Luka"]
[Result "0-1"]
[WhiteElo "1888"]
[BlackElo "2334"]
[Annotator "TA"]
[PlyCount "50"]
[EventDate "2020.10.10"]
[EventType "team-tourn"]
[EventCountry "SRB"]
[SourceTitle "playchess.com"]
[Source "ChessBase"]
[SourceQuality "1"]

{[%evp 12,50,-2,-11,16,-9,0,-8,-7,-5,0,-5,0,0,13,0,0,0,0,-41,-41,-34,-33,-29,-6,-6,-17,-133,-131,-132,-131,-138,-130,-131,-121,-137,-139,-218,-207,-220,-189]} 1. b3 d5 2. Nf3 Nf6 3. Bb2 e6 4. e3 c5 5. c4 Nc6 6. d4 cxd4 7. exd4 b6 {A13: English Opening: 1...e6.} 8. Be2 Bb7 9. O-O Bd6 {The position is equal.} 10. Nc3 dxc4 11. Bxc4 {[#]} Ne7 $146 ({Predecessor:} 11... O-O 12. d5 exd5 13. Nxd5 Nxd5 14. Bxd5 Rc8 15. Rc1 Qd7 16. Bc4 Kh8 17. Qd2 f6 {½-½ (58) Chambers,J-Nicholls,W Belfast 1886}) 12. Bb5+ Kf8 13. Re1 Ned5 14. Ne5 g6 15. Bc6 Bxc6 16. Nxc6 Qc7 17. Nxd5 Bxh2+ 18. Kh1 Nxd5 19. Ne5 (19. Nb4 $1 $11 {was the only way to keep the balance.}) 19... Bf4 $17 20. Qf3 Kg7 21. Bc1 Bxc1 22. Raxc1 Qe7 23. Rc6 Rac8 {Black is clearly better.} 24. Rxc8 (24. Rc4 $17) 24... Rxc8 $19 25. Qe4 Qf6 {Av CentiPawn Loss W=-16/B=-7. Weighted=-17/-6} 0-1